Leonardo da Vinci: 1452-1519

Salvato in:
Dettagli Bibliografici
Autore principale: Hohenstatt, Peter (Autore)
Natura: Libro
Lingua:spagnolo
Pubblicazione: Barcelona Könemann 2000
Serie:Grandes Maestros del Arte Italiano
Soggetti:
Tags: Aggiungi Tag
Nessun Tag, puoi essere il primo ad aggiungerne!!

MARC

LEADER 00000nam a2200000 a 4500
001 UCM8774
003 CL-VaPUC
008 030328e20000000SP |||||||||||||||||spa|d
082 0 4 |a 759.5  |b HOH  |2 21 
100 0 |a Hohenstatt, Peter  |e author  |9 474965 
245 1 0 |a Leonardo da Vinci: 1452-1519 
300 |a 140 p 
942 |c BK 
945 |d 20030328 00:00:00  |a vberengu 
260 |a Barcelona  |b Könemann  |c 2000 
600 0 |a Da Vinci, Leonardo  |d 1452-1519  |9 561227 
650 0 |a Arte renacentista   |9 264949 
650 0 |a Pintores italianos  |9 265277 
583 |a last modification  |c 20030328 00:00:00  |k Rodrigo Vera 
490 0 |a Grandes Maestros del Arte Italiano 
999 |c 303201  |d 303199 
952 |0 0  |1 0  |4 0  |6 759_500000000000000_HOH_2000  |7 0  |8 A  |9 364351  |a BIBARQ  |b BIBARQ  |d 2019-11-21  |i 3887049  |l 2  |o 759.5 HOH 2000  |p 3887049  |r 2025-01-20  |s 2022-04-19  |w 2019-11-21  |y BK  |k ARQ